[Event "Asian University"]
[Site "Tornelo INT"]
[Date "2021.09.12"]
[Round "8"]
[White "Al Takrori, Husam"]
[Black "Mezentsev, Ivan"]
[Result "1/2-1/2"]
[WhiteElo "2006"]
[BlackElo "2354"]
[PlyCount "108"]
[EventDate "2021.09.10"]
[EventType "swiss (rapid)"]
[EventRounds "9"]
[EventCountry "NET"]
[SourceTitle "CBM 204 Extra"]
[Source "ChessBase"]
[SourceDate "2021.11.30"]
[SourceVersion "1"]
[SourceVersionDate "2021.11.30"]
[SourceQuality "1"]

1. e4 c5 2. Nc3 Nc6 3. Bb5 Nd4 4. Nf3 a6 5. Bd3 Nc6 6. b3 g6 7. Bb2 Bg7 8. 0-0 e5 9. Nd5 Nge7 10. a4 d6 11. h3 0-0 12. Ne3 h6 13. Nh2 d5 14. exd5 Nxd5 15. Nxd5 Qxd5 16. Qf3 Qd6 17. Qe3 Nb4 18. Be4 f5 19. c3 Nc6 20. Bc2 Be6 21. a5 Rfd8 22. Rfd1 Rac8 23. Nf3 Bf7 24. h4 e4 25. Ne1 Ne5 26. g3 Ng4 27. Qe2 Re8 28. Ng2 Ne5 29. Ne3 Nf3+ 30. Kg2 Nd4 31. cxd4 cxd4 32. Bxd4 Bxd4 33. Ra4 Bf6 34. h5 Bg7 35. hxg6 Qxg6 36. f4 Red8 37. d4 h5 38. Kh2 Rc3 39. Rb4 Rdc8 40. Rxb7 Rxe3 41. Qxe3 Rxc2+ 42. Rd2 Rxd2+ 43. Qxd2 Bd5 44. Rb6 Qg4 45. Rd6 e3 46. Qxe3 Be4 47. Rd8+ Kh7 48. Re8 Bxd4 49. Re7+ Kg8 50. Qxd4 Qe2+ 51. Kh3 Bg2+ 52. Kh2 Be4+ 53. Kh3 Qg4+ 54. Kh2 Qe2+ 1/2-1/2

[Event "Asian University"]
[Site "Tornelo INT"]
[Date "2021.09.10"]
[Round "3"]
[White "Ranasinghe, PK."]
[Black "Al Takrori, Husam"]
[Result "0-1"]
[WhiteElo "1586"]
[BlackElo "2006"]
[PlyCount "60"]
[EventDate "2021.09.10"]
[EventType "swiss (rapid)"]
[EventRounds "9"]
[EventCountry "NET"]
[SourceTitle "CBM 204 Extra"]
[Source "ChessBase"]
[SourceDate "2021.11.30"]
[SourceVersion "1"]
[SourceVersionDate "2021.11.30"]
[SourceQuality "1"]

1. e4 d5 2. exd5 Nf6 3. Bb5+ Bd7 4. Bc4 Bg4 5. Nf3 Nxd5 6. Nc3 e6 7. h3 Bh5 8. 0-0 Be7 9. d4 0-0 10. Nxd5 exd5 11. Bd3 f5 12. Be2 Nd7 13. Ne5 Nxe5 14. Bxh5 Nc4 15. Bf3 Bf6 16. b3 Nb6 17. c3 Qd7 18. a4 c6 19. Qc2 Nc8 20. Re1 Nd6 21. Ba3 Rfe8 22. Bxd6 Qxd6 23. Qxf5 Re7 24. Qd3 Rae8 25. Rxe7 Rxe7 26. Qd2 Kf7 27. Re1 Rxe1+ 28. Qxe1 Qa3 29. Bg4 Qe7 30. Qxe7+ Kxe7 0-1

[Event "Asia Cities-ch 19th"]
[Site "Kalutara "]
[Date "2015.07.22"]
[Round "1"]
[White "Abdyjapar, Asyl"]
[Black "Al Takrori, Husam"]
[Result "1-0"]
[WhiteElo "2390"]
[BlackElo "2071"]
[PlyCount "50"]
[EventDate "2015.07.22"]
[EventType "team-tourn"]
[EventRounds "9"]
[EventCountry "SRI"]
[SourceTitle "EXT 2020"]
[Source "ChessBase"]
[SourceDate "2019.10.17"]
[SourceVersion "1"]
[SourceVersionDate "2019.10.17"]
[SourceQuality "1"]
[WhiteTeam "Bishkek"]
[BlackTeam "Al Quds (Jerusalem)"]
[WhiteTeamCountry "KGZ"]
[BlackTeamCountry "PLE"]

1. d4 d5 2. c4 e6 3. Nc3 f5 4. Nf3 c6 5. g3 Bd6 6. Bg2 Nf6 7. 0-0 0-0 8. Qc2 Nbd7 9. Rb1 Qe7 10. a3 a5 11. Rd1 Ne4 12. b4 axb4 13. axb4 Nxc3 14. Qxc3 b5 15. Bg5 Nf6 16. cxb5 cxb5 17. Ne5 Bd7 18. Bxf6 gxf6 19. Nd3 Ra4 20. e3 Rfa8 21. Bf1 h5 22. Nc5 Ra3 23. Rb3 Ra2 24. Nxd7 Qxd7 25. Rc1 h4 1-0

[Event "Asian Continental op 13th"]
[Site "Sharjah"]
[Date "2014.04.25"]
[Round "9"]
[White "Al Takrori, Husam"]
[Black "Muniz Pardino, Alberto"]
[Result "0-1"]
[WhiteElo "2097"]
[BlackElo "2105"]
[PlyCount "110"]
[EventDate "2014.04.17"]
[EventType "swiss"]
[EventRounds "9"]
[EventCountry "UAE"]
[SourceTitle "CBM 160"]
[Source "ChessBase"]
[SourceDate "2014.05.15"]
[SourceVersion "1"]
[SourceVersionDate "2014.05.15"]
[SourceQuality "1"]

1. e4 c5 2. Nc3 g6 3. f4 Bg7 4. Nf3 Nc6 5. Bb5 Nd4 6. 0-0 Nxb5 7. Nxb5 d5 8. exd5 a6 9. Nc3 Nf6 10. d4 c4 11. Qe2 b5 12. Ne5 Bb7 13. f5 b4 14. fxg6 hxg6 15. Na4 Bxd5 16. Nc5 0-0 17. Nxc4 Nd7 18. Nb3 Qc7 19. Nca5 Rac8 20. Rf2 e5 21. Qxa6 exd4 22. Qb5 Be4 23. Qxb4 Bxc2 24. Bf4 Qb6 25. Qd2 Bf5 26. Rc1 Rxc1+ 27. Qxc1 Nf6 28. Qc5 Qxc5 29. Nxc5 Nd5 30. Nab3 Nxf4 31. Rxf4 Bh6 32. Rxd4 Be3+ 33. Kf1 Bxd4 34. Nxd4 Bb1 35. a4 Rb8 36. b3 Rd8 37. Nc6 Rd6 38. Na5 Rb6 39. Nc4 Rc6 40. b4 Rxc5 41. bxc5 Bd3+ 42. Kf2 Bxc4 43. Ke3 Kf8 44. Kd4 Bf1 45. g4 Ke7 46. a5 Be2 47. h3 f6 48. Ke3 Ba6 49. h4 Ke6 50. Kf4 Be2 51. c6 Kd6 52. h5 gxh5 53. gxh5 Bd3 54. Ke3 Bh7 55. Kd4 Kxc6 0-1

[Event "Asian Continental op 13th"]
[Site "Sharjah"]
[Date "2014.04.23"]
[Round "7"]
[White "Akshat, Khamparia"]
[Black "Al Takrori, Husam"]
[Result "1-0"]
[WhiteElo "2374"]
[BlackElo "2097"]
[PlyCount "110"]
[EventDate "2014.04.17"]
[EventType "swiss"]
[EventRounds "9"]
[EventCountry "UAE"]
[SourceTitle "CBM 160"]
[Source "ChessBase"]
[SourceDate "2014.05.15"]
[SourceVersion "1"]
[SourceVersionDate "2014.05.15"]
[SourceQuality "1"]

1. d4 Nf6 2. c4 e6 3. Nc3 Bb4 4. g3 d5 5. Bg2 c6 6. Nf3 0-0 7. 0-0 Nbd7 8. a3 Bd6 9. b3 dxc4 10. bxc4 e5 11. e3 Re8 12. Bb2 exd4 13. exd4 Nf8 14. Qc2 Qa5 15. d5 Bd7 16. Rad1 Rad8 17. Nd4 c5 18. Ndb5 Bb8 19. Na4 Bxb5 20. cxb5 Qxb5 21. Bxf6 gxf6 22. Rb1 Qa6 23. Nxc5 Rc8 24. Nxa6 Rxc2 25. Rxb7 Bd6 26. Rxa7 Ree2 27. Nb4 Rcd2 28. Ra5 Ng6 29. Bf3 Re8 30. Rc1 Ne5 31. Bh5 Rb8 32. Rd1 Bxb4 33. axb4 Rxd1+ 34. Bxd1 Rxb4 35. Bh5 Rd4 36. f4 Ng6 37. Kf2 f5 38. Ke3 Re4+ 39. Kd3 Kf8 40. Bf3 Re1 41. Kd4 Ke7 42. Ra7+ Kf6 43. Ra6+ Ke7 44. d6+ Kd7 45. Bd5 Rd1+ 46. Kc5 Rc1+ 47. Bc4 h5 48. Ra7+ Ke8 49. Kb5 Rb1+ 50. Kc6 Rb8 51. Bxf7+ Kd8 52. Bxg6 h4 53. Rh7 Rc8+ 54. Kd5 h3 55. Rh8+ Kd7 1-0

[Event "Asian Continental op 13th"]
[Site "Sharjah"]
[Date "2014.04.19"]
[Round "3"]
[White "Khader, Sami"]
[Black "Al Takrori, Husam"]
[Result "1/2-1/2"]
[WhiteElo "2356"]
[BlackElo "2097"]
[PlyCount "54"]
[EventDate "2014.04.17"]
[EventType "swiss"]
[EventRounds "9"]
[EventCountry "UAE"]
[SourceTitle "CBM 160"]
[Source "ChessBase"]
[SourceDate "2014.05.15"]
[SourceVersion "1"]
[SourceVersionDate "2014.05.15"]
[SourceQuality "1"]

1. d4 Nf6 2. c4 e6 3. Nf3 Bb4+ 4. Nbd2 b6 5. a3 Bxd2+ 6. Bxd2 h6 7. g3 Bb7 8. Bg2 d6 9. Bc1 Nbd7 10. b4 Qe7 11. 0-0 0-0 12. Bb2 c5 13. Qb3 e5 14. bxc5 exd4 15. cxd6 Qxd6 16. Nxd4 Bxg2 17. Kxg2 Rac8 18. Rac1 Ne5 19. Nf3 Nc6 20. Qd3 Qe6 21. c5 Rfd8 22. Qa6 Nd5 23. cxb6 axb6 24. Rfd1 Ra8 25. Qc4 Na5 26. Qd4 f6 27. Rb1 Nb3 1/2-1/2

[Event "Arab-ch"]
[Site "Abu Dhabi"]
[Date "2013.12.13"]
[Round "7"]
[White "Al Takrori, Husam"]
[Black "Al Hajiri, Bader"]
[Result "1-0"]
[WhiteElo "2035"]
[BlackElo "2071"]
[PlyCount "87"]
[EventDate "2013.12.08"]
[EventType "swiss"]
[EventRounds "9"]
[EventCountry "UAE"]
[SourceTitle "CBM 157 Extra"]
[Source "ChessBase"]
[SourceDate "2013.12.19"]
[SourceVersion "1"]
[SourceVersionDate "2013.12.19"]
[SourceQuality "1"]

1. e4 e5 2. Nf3 Nc6 3. d4 exd4 4. Bc4 Nf6 5. e5 d5 6. Bb5 Ne4 7. Nxd4 Bc5 8. Be3 Bd7 9. Bxc6 bxc6 10. 0-0 0-0 11. f3 Ng5 12. f4 Ne4 13. Nd2 Nxd2 14. Qxd2 f6 15. Nb3 Bb6 16. Nc5 Bf5 17. Rae1 fxe5 18. fxe5 Qe7 19. Qc3 Rae8 20. Bd4 Qg5 21. Rf3 Bg6 22. Rg3 Qf5 23. Rc1 Qf4 24. Rd1 Qf5 25. Rc1 Qf4 26. Rd1 Bh5 27. Re1 Bg6 28. Rf3 Qh4 29. Ref1 Rxf3 30. Rxf3 Be4 31. Rf2 Qg5 32. h3 Qe7 33. b4 Bxc5 34. Bxc5 Qe6 35. Bxa7 Qxe5 36. Bd4 Qg5 37. Bc5 h6 38. a4 Kh7 39. a5 Re6 40. a6 Rf6 41. Qd2 Qe5 42. Bd4 Rxf2 43. Qxf2 Qe8 44. Qg3 1-0

[Event "Arab-ch"]
[Site "Abu Dhabi"]
[Date "2013.12.11"]
[Round "4"]
[White "Hemam, Moulaye Brahim"]
[Black "Al Takrori, Husam"]
[Result "0-1"]
[WhiteElo "2077"]
[BlackElo "2035"]
[PlyCount "110"]
[EventDate "2013.12.08"]
[EventType "swiss"]
[EventRounds "9"]
[EventCountry "UAE"]
[SourceTitle "CBM 157 Extra"]
[Source "ChessBase"]
[SourceDate "2013.12.19"]
[SourceVersion "1"]
[SourceVersionDate "2013.12.19"]
[SourceQuality "1"]

1. d4 Nf6 2. Nc3 d5 3. Bg5 Nbd7 4. Qd3 h6 5. Bf4 c6 6. Nf3 Nh5 7. Bd2 g6 8. e4 dxe4 9. Nxe4 Ndf6 10. Nxf6+ Nxf6 11. 0-0-0 Bf5 12. Qe3 Qd5 13. Kb1 Ng4 14. Qe1 0-0-0 15. h3 Nf6 16. Be3 Ne4 17. Bd3 Nd6 18. Bf4 f6 19. Qe2 g5 20. Bg3 Bxd3 21. Qxd3 Qf5 22. Qa3 a6 23. Bxd6 Rxd6 24. Rhe1 e5 25. Qe3 Bg7 26. g4 Qd7 27. Qe2 exd4 28. Qc4 f5 29. gxf5 Rf8 30. Re6 Rxf5 31. Rxd6 Qxd6 32. Qd3 Qf4 33. Nxd4 Bxd4 34. Qxd4 Qxd4 35. Rxd4 Rxf2 36. b3 Rh2 37. Rd3 h5 38. Rg3 h4 39. Rxg5 Rxh3 40. Rg7 Rg3 41. Rh7 h3 42. a4 a5 43. Rh5 Kc7 44. Kb2 b6 45. Rh7+ Kd6 46. Rh6+ Kd5 47. c4+ Kc5 48. Ka3 Rf3 49. Rh5+ Kd4 50. Rh6 Kc3 51. Ka2 c5 52. Rh5 Kb4 53. Rh6 Rf2+ 54. Kb1 h2 55. Rxb6+ Kc3 0-1

[Event "Dubai op 15th"]
[Site "Dubai"]
[Date "2013.04.07"]
[Round "1"]
[White "Volkov, Sergey"]
[Black "Al Takrori, Husam"]
[Result "1-0"]
[WhiteElo "2593"]
[BlackElo "2044"]
[PlyCount "87"]
[EventDate "2013.04.07"]
[EventType "swiss"]
[EventRounds "9"]
[EventCountry "UAE"]
[SourceTitle "CBM 153 Extra"]
[Source "ChessBase"]
[SourceDate "2013.04.22"]
[SourceVersion "1"]
[SourceVersionDate "2013.04.22"]
[SourceQuality "1"]

1. d4 Nf6 2. c4 e6 3. Nc3 Bb4 4. f3 d5 5. a3 Bxc3+ 6. bxc3 0-0 7. cxd5 exd5 8. e3 Bf5 9. Ne2 Re8 10. Ng3 Bg6 11. Bd3 Nbd7 12. 0-0 Nb6 13. Ra2 Bxd3 14. Qxd3 Nc4 15. e4 c6 16. e5 Nd7 17. f4 Qb6 18. Raf2 Rad8 19. f5 Ndxe5 20. dxe5 Nxe5 21. Qd1 f6 22. Bf4 Nc4 23. Nh5 Kh8 24. h3 Nxa3 25. Qg4 Rd7 26. Kh1 Nc4 27. Re2 Rxe2 28. Qxe2 Qd8 29. Re1 h6 30. Nxf6 Rf7 31. Qe8+ Rf8 32. Qxd8 Rxd8 33. Nh5 Rf8 34. f6 g5 35. Bc1 Rf7 36. g4 a5 37. h4 Nd6 38. hxg5 hxg5 39. Bxg5 Ne4 40. Bh4 a4 41. Kg2 b5 42. g5 Rh7 43. Nf4 Kg8 44. g6 1-0

[Event "Asia U20 op"]
[Site "Sharjah"]
[Date "2013.04.06"]
[Round "6"]
[White "Al Takrori, Husam"]
[Black "Jaiswal, Rupesh"]
[Result "1-0"]
[WhiteElo "2021"]
[BlackElo "2014"]
[PlyCount "134"]
[EventDate "2013.03.30"]
[EventType "swiss"]
[EventRounds "9"]
[EventCountry "UAE"]
[SourceTitle "CBM 153 Extra"]
[Source "ChessBase"]
[SourceDate "2013.04.22"]
[SourceVersion "1"]
[SourceVersionDate "2013.04.22"]
[SourceQuality "1"]

1. e4 e6 2. d3 d5 3. Qe2 Nf6 4. g3 c5 5. Bg2 Nc6 6. c3 Be7 7. e5 Nd7 8. f4 f6 9. Nf3 fxe5 10. fxe5 Qc7 11. Bf4 Nf8 12. Nbd2 Ng6 13. 0-0 0-0 14. Qe3 Bd7 15. d4 Qb6 16. Nb3 c4 17. Nbd2 Nxf4 18. gxf4 Qxb2 19. Rfb1 Qc2 20. Rxb7 Rad8 21. Bh3 Qg6+ 22. Kh1 Qh6 23. Ng5 Bxg5 24. fxg5 Qg6 25. Rf1 Qe8 26. Rxf8+ Kxf8 27. Nf1 Rb8 28. Rxb8 Qxb8 29. Kg2 Qb1 30. Qe2 Qg6 31. Qd2 h6 32. Ng3 hxg5 33. Bg4 Ne7 34. Bh5 Qd3 35. Qxd3 cxd3 36. Kf2 Bb5 37. Ke3 g6 38. Bg4 Nf5+ 39. Kd2 Ke7 40. Nh1 Bc4 41. a3 Kd7 42. Nf2 Kc6 43. Nxd3 Bxd3 44. Kxd3 Kb5 45. Bd1 Nh4 46. Kc2 Ng2 47. Kb3 Ne3 48. Be2+ Kb6 49. Bd3 Ng4 50. Bxg6 Kc6 51. Be8+ Kc7 52. h3 Nf2 53. Bh5 Nxh3 54. Bg4 Nf4 55. Ka4 Kd7 56. Kb5 Nd3 57. c4 Nf2 58. Bf3 g4 59. Bg2 Nd1 60. cxd5 Nc3+ 61. Kc4 Nxd5 62. Bxd5 exd5+ 63. Kd3 Ke6 64. a4 Kf5 65. Ke3 Kg5 66. a5 Kh4 67. e6 g3 1-0

[Event "Arab Games rapid"]
[Site "Doha"]
[Date "2011.12.12"]
[Round "7"]
[White "Al Takrori, Husam"]
[Black "Shobaita, Talal"]
[Result "1/2-1/2"]
[WhiteElo "2073"]
[BlackElo "2162"]
[PlyCount "55"]
[EventDate "2011.12.11"]
[EventType "swiss (rapid)"]
[EventRounds "9"]
[EventCountry "QAT"]
[SourceTitle "CBM 145 Extra"]
[Source "ChessBase"]
[SourceDate "2012.01.03"]
[SourceVersion "1"]
[SourceVersionDate "2012.01.03"]
[SourceQuality "1"]

1. e4 e5 2. Nf3 d6 3. d4 Nd7 4. Bc4 Be7 5. h3 Ngf6 6. Nc3 0-0 7. Be3 c6 8. a4 exd4 9. Nxd4 Nc5 10. Qf3 Nfxe4 11. Nxe4 Nxe4 12. Qxe4 d5 13. Bxd5 cxd5 14. Qd3 Bf6 15. Rd1 Be6 16. 0-0 a6 17. Rfe1 Qd7 18. Qb3 Rfe8 19. Nxe6 fxe6 20. f4 Rac8 21. Bd4 Bxd4+ 22. Rxd4 Rc6 23. f5 exf5 24. Rxe8+ Qxe8 25. Qxd5+ Qf7 26. Qd8+ Qf8 27. Qd5+ Qf7 28. Qd8+ 1/2-1/2

[Event "Arab Games rapid"]
[Site "Doha"]
[Date "2011.12.12"]
[Round "8"]
[White "Najjar, Ahmad"]
[Black "Al Takrori, Husam"]
[Result "0-1"]
[WhiteElo "2274"]
[BlackElo "2073"]
[PlyCount "72"]
[EventDate "2011.12.11"]
[EventType "swiss (rapid)"]
[EventRounds "9"]
[EventCountry "QAT"]
[SourceTitle "CBM 145 Extra"]
[Source "ChessBase"]
[SourceDate "2012.01.03"]
[SourceVersion "1"]
[SourceVersionDate "2012.01.03"]
[SourceQuality "1"]

1. d4 Nf6 2. Nf3 e6 3. Bf4 c5 4. e3 d5 5. c3 Nc6 6. Bd3 cxd4 7. exd4 Ne4 8. Bxe4 dxe4 9. Nfd2 f5 10. 0-0 Bd6 11. Bxd6 Qxd6 12. f3 exf3 13. Nxf3 0-0 14. Nbd2 Bd7 15. Qb3 Na5 16. Qc2 Rac8 17. Rae1 h6 18. Qd3 Qd5 19. b3 Nc6 20. Nc4 b5 21. Nce5 b4 22. c4 Qd6 23. Qe3 Nxe5 24. Nxe5 Rf6 25. Rd1 a5 26. d5 Qe7 27. d6 Qd8 28. Qa7 Rf7 29. Qd4 a4 30. c5 axb3 31. axb3 Qa5 32. Rc1 Qb5 33. Rc4 g5 34. Rfc1 Bc6 35. Rxb4 Qe2 36. Rbc4 Qxg2# 0-1

[Event "Arab Games rapid"]
[Site "Doha"]
[Date "2011.12.11"]
[Round "2"]
[White "Al Takrori, Husam"]
[Black "Elarbi, Abobker"]
[Result "0-1"]
[WhiteElo "2073"]
[BlackElo "2273"]
[PlyCount "72"]
[EventDate "2011.12.11"]
[EventType "swiss (rapid)"]
[EventRounds "9"]
[EventCountry "QAT"]
[SourceTitle "CBM 145 Extra"]
[Source "ChessBase"]
[SourceDate "2012.01.03"]
[SourceVersion "1"]
[SourceVersionDate "2012.01.03"]
[SourceQuality "1"]

1. e4 e5 2. Nf3 Nc6 3. Bc4 Nf6 4. 0-0 Be7 5. d3 0-0 6. c3 d5 7. exd5 Nxd5 8. h3 Be6 9. Re1 Re8 10. Nbd2 Qd7 11. Ne4 f6 12. d4 exd4 13. Nxd4 Nxd4 14. Qxd4 Bf7 15. Bf4 c5 16. Qd2 Qc6 17. Rad1 Rad8 18. Bg3 b5 19. Bb3 c4 20. Bc2 h6 21. Qc1 f5 22. Nd2 f4 23. Bh2 Bh5 24. Nf3 g5 25. Nd4 Qc5 26. Re6 Rd6 27. Rde1 Rxe6 28. Rxe6 Bf6 29. Rxe8+ Bxe8 30. Qe1 Bf7 31. Qe4 Bxd4 32. cxd4 Qd6 33. h4 Nf6 34. Qe5 Qxe5 35. dxe5 Nd7 36. g3 Nxe5 0-1

[Event "Arab Games rapid"]
[Site "Doha"]
[Date "2011.12.11"]
[Round "3"]
[White "Omar, Noaman"]
[Black "Al Takrori, Husam"]
[Result "1-0"]
[WhiteElo "2324"]
[BlackElo "2073"]
[PlyCount "80"]
[EventDate "2011.12.11"]
[EventType "swiss (rapid)"]
[EventRounds "9"]
[EventCountry "QAT"]
[SourceTitle "CBM 145 Extra"]
[Source "ChessBase"]
[SourceDate "2012.01.03"]
[SourceVersion "1"]
[SourceVersionDate "2012.01.03"]
[SourceQuality "1"]

1. d4 Nf6 2. c4 e5 3. dxe5 Ng4 4. Bf4 Nc6 5. Nf3 Bb4+ 6. Nbd2 Qe7 7. a3 Ngxe5 8. Nxe5 Nxe5 9. e3 Bxd2+ 10. Qxd2 d6 11. Be2 Ng6 12. Bg3 Bd7 13. Bf3 Bc6 14. Bxc6+ bxc6 15. 0-0 0-0 16. b4 Rfd8 17. Qc3 a5 18. b5 c5 19. a4 f6 20. Rad1 Qe6 21. h3 Ne5 22. Bxe5 Qxe5 23. Qxe5 fxe5 24. f4 e4 25. g4 Rd7 26. Rf2 Rb8 27. Rfd2 Kf7 28. Kg2 Kf6 29. Kg3 g6 30. Rd5 Rf7 31. h4 Ke6 32. h5 Rf6 33. hxg6 hxg6 34. Rh1 g5 35. Rxg5 c6 36. Rh7 d5 37. Rgg7 cxb5 38. axb5 Re8 39. Ra7 dxc4 40. Ra8 Kd5 1-0

[Event "Arab Games blitz"]
[Site "Doha"]
[Date "2011.12.10"]
[Round "7"]
[White "Al Takrori, Husam"]
[Black "Ayyad, Husain Abdulgalil"]
[Result "0-1"]
[WhiteElo "2073"]
[BlackElo "2209"]
[PlyCount "70"]
[EventDate "2011.12.10"]
[EventType "swiss (blitz)"]
[EventRounds "9"]
[EventCountry "QAT"]
[SourceTitle "CBM 145 Extra"]
[Source "ChessBase"]
[SourceDate "2012.01.03"]
[SourceVersion "1"]
[SourceVersionDate "2012.01.03"]
[SourceQuality "1"]

1. e4 e5 2. Nf3 Nc6 3. Bc4 Nf6 4. 0-0 Be7 5. d3 0-0 6. Nc3 d6 7. h3 Na5 8. Bb3 c6 9. Nh2 b5 10. f4 Qc7 11. fxe5 dxe5 12. Nf3 Rd8 13. Qe1 Nxb3 14. axb3 Nh5 15. g4 Nf4 16. Bxf4 exf4 17. d4 h5 18. gxh5 Bxh3 19. Rf2 Qd6 20. e5 Qh6 21. Rh2 Bg4 22. Qf2 Bxf3 23. Qxf3 Rxd4 24. Ra6 Rad8 25. Rxc6 Qg5+ 26. Rg2 Qh4 27. h6 g6 28. h7+ Kg7 29. e6 b4 30. exf7 bxc3 31. Rcxg6+ Kxh7 32. Rh2 Rd1+ 33. Qxd1 Rxd1+ 34. Kg2 Rd2+ 35. Kf1 Qxh2 0-1